000 00467nmm a2200157Ia 4500
008 251105s9999||||xx |||||||||||||||||und||
041 _aspa
100 _aMorales Vallejo, Pedro
245 0 _aLos objetivos didácticos
264 _a[Madrid, España] :
_bUniversidad de Deusto,
_c1995
300 _a47 páginas
490 _aAzul - Cuadernos Monográficos del ICE
650 _aEducation
856 _uhttps://public.digitaliapublishing.com/a/17595
942 _cCF
999 _c98463
_d98463